Statistiques concernant Dragon Quest-Tous les jeux de la série principale

Cliquez ici pour prendre le quiz!

Statistiques générales

  • Ce quiz a été pris 4 fois
  • Le résultat moyen est 3 sur 12

Statistiques - réponses

Nom du jeu% Correct
Dragon Quest
100%
Dragon Quest IX: Les Sentinelles du Firmament
25%
Dragon Quest VIII: L'Odyssée du roi maudit
25%
Dragon Quest VII: La Quête des vestiges du monde
25%
Dragon Quest V: La Fiancée céleste
25%
Dragon Quest X
25%
Dragon Quest XI: Les Combattants de la destinée
25%
Dragon Quest III: et la légende fut...
0%
Dragon Quest II: Le panthéon des esprits malfaisants
0%
Dragon Quest IV: L'Epopée des élus
0%
Dragon Quest VI: Le Royaume des Songes
0%
Dragon Quest XII : The Flames of Fate
0%

Distribution des résultats

Percentile par nombre de réponses

% des personnes avec chaque résultat

Votre développement - résultats

Vous n’avez pas pris ce quiz